000 00624nam a2200229Ia 4500
003 OSt
005 20220918175848.0
006 a|||||r|||| 00| 0
007 ta
008 220917b |||||||| |||| 00| 0 eng d
024 _a19,303
037 _cTextual
040 _aARTS
_cARTS
_beng
041 _2eng
_aeng
082 _aO:1K08:9, J61,J61;1
100 _aGrierson Herbert J. C.
_941628
245 0 _aMilton and Wordsworth
_b poets and prophets
260 _c1956
650 _aENGLISH LITERATURE
942 _hO:1K08:9, J61,J61;1
_cTEXL
_2CC
999 _c159274
_d159274